British Slang - Statistics

General Stats
  • This quiz has been taken 1,079 times
  • The average score is 11 of 15
Answer Stats
Question Answer % Correct
Shambles Disorderly mess
98%
Bob's your uncle! And there you have it
94%
Tosser Obnoxious idiot
91%
Bonnie lass Beautiful girl
83%
He’s not as green as he’s cabbage-looking He's not as stupid as he looks
82%
Bee's Knees Of excellent standard
82%
Chuffed Very pleased
78%
On the pull Looking for sex
74%
Use yer loaf Use your brain
73%
Ey up Hello, how are you?
72%
Sound as a pound A cool person
68%
Ta rah Goodbye
67%
Scran Food
59%
Reyt do When something good happens
48%
Willie heckers like No he won't
46%
No matching quizzes found
Score Distribution
Percent of People with Each Score
Percentile by Number Answered
Your Score History
You have not taken this quiz